000 00542nam a2200121Ia 4500
008 220620s9999||||xx |||||||||||||| ||und||
245 0 _aGlobal Allies: Comparing US Alliances in the 21st Century
546 _aEnglish[eng]
650 _adiplomacy||alliances||nato||united states
700 _aWesley, Michael
856 _uhttps://library.oapen.org/bitstream/20.500.12657/31271/1/632976.pdf||https://library.oapen.org/bitstream/20.500.12657/31271/1/632976.pdf||https://library.oapen.org/bitstream/20.500.12657/31271/1/632976.pdf
942 _cEB
999 _c32723
_d32723